| 000 | 01031nam0a22002531 4500 | ||
|---|---|---|---|
| 001 | rc\858387 | ||
| 005 | 20041129092919.3 | ||
| 035 | _a(NLR Aleph) 006038312 | ||
| 090 |
_a7600820 _c7600820 |
||
| 100 | _a20041129d1984 u |0rusy50 ca | ||
| 101 | 0 | _arus | |
| 102 | _aRU | ||
| 105 | _aa ||||||||| | ||
| 200 | 1 |
_aПроблемы и перспективы оптических методов обработки изображений _e(Темат. сб.) _fАН СССР, Физ.-техн. ин-т им. А.Ф. Иоффе _gПод ред. С.Б. Гуревича, В.К. Соколова |
|
| 210 |
_aЛ. _cФТИ _d1984 |
||
| 215 |
_a148 с. _cил. _d20 |
||
| 320 | _aБиблиогр. в конце ст. | ||
| 702 | 1 |
_aГуревич _bС. Б. _gСимон Борисович _4340 |
|
| 712 | 0 | 2 |
_aФизико-технический институт им. А. Ф. Иоффе _cЛенинград _3RU\NLR\AUTH\8822055 |
| 801 | 0 |
_aRU _bNLR _gpsbo |
|
| 801 | 1 |
_aRU _bELAR _2rusmarc |
|
| 852 |
_aNLR _j85-3/8169 |
||
| 942 | _cBOOK | ||
| 980 | _aNB | ||